Datum a čas kvízu
21
Celkem bodů
Celkový počet nahraných bodů na tomto kvízu bez doplňovacích otázek.
11.
Pořadí na kvízu
Konečné umístění týmu na tomto kvízu.
Zaznamenané odpovědi
| # | Otázka | Odpověď | Body | Výsledky |
|---|---|---|---|---|
| 1. | Jak se nazývá zámek nedaleko P... | Štiřín | 1 | |
| 2. | Do jedné vesnické školy zapsal... | ve Francii | 0 | |
| 3. | V úterý byl zahájen 77. ročník... | v Cannes | 1 | |
| 4. | V ženevské pobočce aukční síně... | Michael Schumacher | 1 | |
| 5. | Sudí Jan Smit dostal v nejmeno... | v Nizozemsku | 0 | |
| 6. | Jména Mnata, Vojen či Vnislav... | A | 0 | |
| 7. | Podle pověsti prý zvony z kost... | ve čtvrtek (na Zelený čtvrtek) | 0 | |
| 8. | Před kněžnou Libuší stanuli dv... | A | 0 | |
| 9. | O hřbitovním kostele sv. Maří... | Svatební košile | 1 | |
| 10. | Pokud dokážete určit, co tento... | Stadice | 0 |